• 首页
  • 本馆介绍
  • 公告通知
  • 最新文献
  • 馆藏检索
  • 电子资源
  • 读者导购
  • 参考咨询
  • 我的图书馆
  • 登录
  • 详细信息显示
  • 放入我的书架
  • 预约/预借图书
  • 作者相关作品
  • 分类相关作品
  • 丛书相关作品
  • 出版社相关作品

书目信息

  • 表格格式
  • 工作单格式
  • 卡片格式
题名:
奥林匹克之梦
    
 
作者: 徐国琦 著 ;崔肇钰 译
分册:  
出版信息: 广州   广东人民出版社  2019
页数: 376页
开本: 21cm
丛书名:
单 册:
中图分类: G812.95 , G812.9
科图分类:
主题词: 体育运动史--研究--中国--1895-2008
电子资源:
ISBN: 978-7-218-13551-9
000 01322nam0 2200277 450
001 2273662249
005 20220929202844.92
010    @a978-7-218-13551-9@b精装@dCNY78.00
100    @a20190802d2019 em y0chiy50 ea
101 1  @achi@ceng
102    @aCN@b440000
105    @ay z 000yy
200 1  @a奥林匹克之梦@9ao lin pi ke zhi meng@e中国与体育 1895-2008@dOlympic dreams@eChina and sports,1895-2008@f徐国琦著@g崔肇钰译@zeng
210    @a广州@c广东人民出版社@d2019
215    @a376页@d21cm
330    @a本书通过体育运动这个视角,去观察未来中国在国际舞台上的表现方式。根据最新的资料,研究中国百年来在体育方面的愿景,分析在整个二十世纪里,中国追寻的“奥林匹之梦”的原因,以及探讨它与国家争取国内外的身份认同的关系。通过乒乓外交案例研究和各种体育赛事中国的处理方法,本书道出了意想不到的细节,提出对中国外交决策的见解,作者的洞察力可以帮助读者了解中国与世界的相互作用的方式和过程。
510 1  @aOlympic dreams@eChina and sports, 1895-2008@zeng
517 1  @a中国与体育, 1895-2008@9zhong guo yu ti yu, 1895-2008
517 1  @a中国与体育 1895-2008@AZhong Guo Yu Ti Yu 1895-2008
606 0  @a体育运动史@x研究@y中国@z1895-2008
690    @aG812.95@v5
690    @aG812.9@v4
701  0 @a徐国琦@9xu guo qi@4著
702  0 @a崔肇钰@9cui zhao yu@4译
801  0 @aCN@b91MARC@c20190806
905    @aZUCC@dG812.9@e52
    
    奥林匹克之梦:中国与体育 1895-2008=Olympic dreams:China and sports,1895-2008/徐国琦著/崔肇钰译.-广州:广东人民出版社,2019
    376页;21cm
    
    
    ISBN 978-7-218-13551-9(精装):CNY78.00
    本书通过体育运动这个视角,去观察未来中国在国际舞台上的表现方式。根据最新的资料,研究中国百年来在体育方面的愿景,分析在整个二十世纪里,中国追寻的“奥林匹之梦”的原因,以及探讨它与国家争取国内外的身份认同的关系。通过乒乓外交案例研究和各种体育赛事中国的处理方法,本书道出了意想不到的细节,提出对中国外交决策的见解,作者的洞察力可以帮助读者了解中国与世界的相互作用的方式和过程。
●
相关链接 在五车中查询图书 在当当中查询图书 在豆瓣中查询图书


正题名:奥林匹克之梦     索取号:G812.9/52         预约/预借

序号 登录号 条形码 馆藏地/架位号 状态 备注
1 2000907700   2000907700   第三书库/ [索取号:G812.9/52] 在馆    
2 2000907701   2000907701   第三书库/ [索取号:G812.9/52] 在馆    
3 2000907702   2000907702   第三书库/ [索取号:G812.9/52] 在馆    
山东省滨州职业学院图书馆 欢迎您!
大连网信软件有限公司© 版权所有